[Event "Europa ch s-14"]
[Site "Herceg Novi MNT"]
[Date "2008.09.21"]
[Round "6.9"]
[White "Galopoulos, Panagiotis"]
[Black "Gabuzyan, Hovhannes"]
[Result "1-0"]
[WhiteElo "2200"]
[BlackElo "2079"]
[PlyCount "71"]
[EventDate "2008.09.15"]
[EventType "swiss"]
[EventRounds "9"]
[Source "lmi"]
[SourceDate "2008.09.15"]

1. e4 c5 2. Nf3 d6 3. d4 cxd4 4. Nxd4 Nf6 5. Nc3 a6 6. Be3 e5 7. Nb3 Be6 8. f3
Be7 9. Qd2 Nbd7 10. O-O-O b5 11. g4 Nb6 12. g5 Nfd7 13. Na5 Qc7 14. f4 exf4 15.
Bxf4 Ne5 16. h3 O-O 17. Nd5 Bxd5 18. exd5 Rac8 19. Bg2 Nbc4 20. Nxc4 Qxc4 21.
Kb1 Ng6 22. Be3 Bd8 23. Bf1 Qa4 24. h4 Ne5 25. Qe2 Nc4 26. Bd4 Bb6 27. Bxb6
Nxb6 28. Bh3 Rce8 29. Qf2 Nc4 30. h5 Re5 31. h6 Rfe8 32. Rdf1 R8e7 33. Be6 Nd2+
34. Qxd2 fxe6 35. dxe6 R5xe6 36. Qf2 1-0

[Event "Europa ch s-14"]
[Site "Herceg Novi MNT"]
[Date "2008.09.21"]
[Round "6.10"]
[White "Pasiev, Rakhim"]
[Black "Eranyan, Khachatur"]
[Result "1/2-1/2"]
[WhiteElo "2178"]
[BlackElo "1963"]
[PlyCount "66"]
[EventDate "2008.09.15"]
[EventType "swiss"]
[EventRounds "9"]
[Source "lmi"]
[SourceDate "2008.09.15"]

1. Nf3 d5 2. b3 c5 3. e3 Nc6 4. Bb2 e6 5. Bb5 Nf6 6. Bxc6+ bxc6 7. d3 Bd6 8.
Ne5 Qc7 9. f4 O-O 10. Nd2 Nd7 11. Ndf3 f6 12. Nxd7 Bxd7 13. O-O e5 14. fxe5
fxe5 15. e4 Bg4 16. Qe2 Rae8 17. c4 d4 18. Rf2 Re6 19. Raf1 Ref6 20. Bc1 h6 21.
h3 Bxf3 22. Rxf3 Rxf3 23. Rxf3 Rxf3 24. Qxf3 Qa5 25. Qe2 Be7 26. Qd2 Qb4 27.
Qxb4 cxb4 28. Kf2 Kf7 29. Kf3 g5 30. Bd2 Kg6 31. Be1 c5 32. Bg3 Bf6 33. Bh2 h5
1/2-1/2

[Event "Europa ch s-14"]
[Site "Herceg Novi MNT"]
[Date "2008.09.21"]
[Round "6.11"]
[White "Mammadov, Zaur Fazahir Oglu"]
[Black "Meskovs, Nikita"]
[Result "1-0"]
[WhiteElo "2114"]
[BlackElo "2177"]
[PlyCount "44"]
[EventDate "2008.09.15"]
[EventType "swiss"]
[EventRounds "9"]
[Source "lmi"]
[SourceDate "2008.09.15"]

1. e4 c5 2. c3 Nf6 3. e5 Nd5 4. Nf3 e6 5. d4 cxd4 6. cxd4 b6 7. Bd3 Bb7 8. O-O
d6 9. Nc3 Nxc3 10. bxc3 Nd7 11. Re1 Qc7 12. Bf4 Be7 13. Re3 h6 14. d5 Bxd5 15.
exd6 Qb8 16. Bb5 Bxf3 17. Qxf3 Bf6 18. Bc6 e5 19. Bxe5 O-O 20. Bxd7 Bxe5 21.
Rxe5 Qxd6 22. Rd5 Qc7 1-0

[Event "Europa ch s-14"]
[Site "Herceg Novi MNT"]
[Date "2008.09.21"]
[Round "6.12"]
[White "Juhasz, Kristof"]
[Black "Van Der Lende, Ilias"]
[Result "1/2-1/2"]
[WhiteElo "2175"]
[BlackElo "1978"]
[PlyCount "82"]
[EventDate "2008.09.15"]
[EventType "swiss"]
[EventRounds "9"]
[Source "lmi"]
[SourceDate "2008.09.15"]

1. d4 Nf6 2. c4 e6 3. Nf3 Bb4+ 4. Bd2 Qe7 5. g3 Nc6 6. Bg2 Bxd2+ 7. Nbxd2 d6 8.
O-O e5 9. d5 Nb8 10. e4 a5 11. Qc2 O-O 12. Ne1 Na6 13. Nd3 Bg4 14. Rae1 Nd7 15.
f4 Ndc5 16. a3 a4 17. Nb4 Bd7 18. Qc3 f6 19. f5 Rfb8 20. Rf3 b5 21. Bf1 Qe8 22.
cxb5 Bxb5 23. Bxb5 Rxb5 24. Nc6 Nb8 25. Nb4 Nca6 26. Nd3 Nd7 27. Nc4 Rb3 28.
Qc2 Ndc5 29. Ree3 Qb5 30. Nc1 Rxe3 31. Rxe3 Rb8 32. Kg2 Rb7 33. Rc3 Nb8 34. Kf3
Nbd7 35. g4 Nb6 36. Nd2 Nbd7 37. Nc4 Rb8 38. h3 Rb7 39. h4 h6 40. Ke3 Nb6 41.
Nd2 Nbd7 1/2-1/2

[Event "Europa ch s-14"]
[Site "Herceg Novi MNT"]
[Date "2008.09.21"]
[Round "6.13"]
[White "Kezin, Roman"]
[Black "Malureanu, Costin George"]
[Result "1-0"]
[WhiteElo "2235"]
[BlackElo "1858"]
[PlyCount "93"]
[EventDate "2008.09.15"]
[EventType "swiss"]
[EventRounds "9"]
[Source "lmi"]
[SourceDate "2008.09.15"]

1. d4 Nf6 2. c4 c5 3. d5 e6 4. Nc3 exd5 5. cxd5 d6 6. e4 g6 7. Bd3 Bg7 8. h3
O-O 9. Nf3 b5 10. Bxb5 Nxe4 11. Nxe4 Qa5+ 12. Nfd2 Qxb5 13. Nxd6 Qa6 14. N2c4
Rd8 15. Bf4 Bf8 16. Qe2 Bxd6 17. Nxd6 Qxe2+ 18. Kxe2 Ba6+ 19. Kf3 Nd7 20. Rac1
c4 21. Nxc4 Bxc4 22. Rxc4 Nb6 23. Rd4 Rxd5 24. Rxd5 Nxd5 25. Rd1 Nxf4 26. Kxf4
Rb8 27. Rd2 Kg7 28. Ke4 Rb5 29. Kd3 Rg5 30. g3 h5 31. h4 Rc5 32. Rc2 Rf5 33.
Kc4 Rf6 34. b4 Kf8 35. Re2 Ra6 36. Kb3 Rb6 37. a4 Rd6 38. Kc4 Rc6+ 39. Kb5 Rd6
40. a5 a6+ 41. Kc5 Rf6 42. f4 Rf5+ 43. Re5 Rf6 44. b5 axb5 45. Kxb5 Rd6 46. a6
Rd3 47. a7 1-0

[Event "Europa ch s-14"]
[Site "Herceg Novi MNT"]
[Date "2008.09.21"]
[Round "6.14"]
[White "Kraus, Tomas"]
[Black "Wieczorek, Oskar"]
[Result "0-1"]
[WhiteElo "2024"]
[BlackElo "2232"]
[PlyCount "48"]
[EventDate "2008.09.15"]
[EventType "swiss"]
[EventRounds "9"]
[Source "lmi"]
[SourceDate "2008.09.15"]

1. d4 Nf6 2. Nf3 g6 3. b3 Bg7 4. Bb2 O-O 5. g3 b6 6. Bg2 Bb7 7. O-O c5 8. c4 d6
9. Nc3 Nbd7 10. d5 a6 11. a4 Qc7 12. Qc2 e5 13. dxe6 fxe6 14. e4 Rae8 15. Nd2
Ng4 16. h3 Nge5 17. f4 Nc6 18. Ne2 Bxb2 19. Qxb2 e5 20. fxe5 Ndxe5 21. Rxf8+
Rxf8 22. Nf4 Nd4 23. h4 Qg7 24. Nf1 Nxc4 0-1

[Event "Europa ch s-14"]
[Site "Herceg Novi MNT"]
[Date "2008.09.21"]
[Round "6.16"]
[White "Andreev, Sasho"]
[Black "Feher, Adam"]
[Result "1/2-1/2"]
[WhiteElo "2021"]
[BlackElo "2160"]
[PlyCount "84"]
[EventDate "2008.09.15"]
[EventType "swiss"]
[EventRounds "9"]
[Source "lmi"]
[SourceDate "2008.09.15"]

1. d4 f5 2. g3 Nf6 3. Bg2 g6 4. Nf3 Bg7 5. O-O O-O 6. Nbd2 d6 7. Re1 Nc6 8. e4
fxe4 9. Nxe4 Nxe4 10. Rxe4 Bf5 11. Rh4 e5 12. Ng5 h6 13. Bd5+ Kh8 14. dxe5 Nxe5
15. Bxb7 Rb8 16. Bg2 Qf6 17. h3 c6 18. Qe2 Rfe8 19. Ne4 Qf8 20. Qd1 d5 21. Nd2
Qc5 22. Nb3 Qxc2 23. Qxc2 Bxc2 24. Bxh6 Bxh6 25. Rxh6+ Kg7 26. Rh4 Bxb3 27.
axb3 Re7 28. Rha4 Rxb3 29. Rxa7 Rxa7 30. Rxa7+ Kf6 31. Ra6 Kg7 32. f4 Nf3+ 33.
Bxf3 Rxf3 34. Kg2 Rb3 35. Rxc6 Rxb2+ 36. Kf3 Rb3+ 37. Kf2 Rb2+ 38. Ke3 Rb3+ 39.
Kf2 Rb2+ 40. Kf3 Rb3+ 41. Kg4 d4 42. Rd6 d3 1/2-1/2

[Event "Europa ch s-14"]
[Site "Herceg Novi MNT"]
[Date "2008.09.21"]
[Round "6.17"]
[White "Hager, Joshua Aarash"]
[Black "Lukovic, Vladimir"]
[Result "1-0"]
[WhiteElo "2128"]
[BlackElo "1999"]
[PlyCount "45"]
[EventDate "2008.09.15"]
[EventType "swiss"]
[EventRounds "9"]
[Source "lmi"]
[SourceDate "2008.09.15"]

1. e4 e5 2. Nf3 Nc6 3. Bb5 a6 4. Ba4 Nf6 5. O-O Be7 6. Re1 b5 7. Bb3 d6 8. c3
O-O 9. h3 Na5 10. Bc2 c5 11. d3 Nc6 12. Nbd2 d5 13. exd5 Qxd5 14. Nf1 Re8 15.
Bg5 Nd7 16. Ne3 Qd6 17. Nf5 Qc7 18. Nxe7+ Nxe7 19. d4 f6 20. dxe5 Nxe5 21. Nxe5
fxe5 22. Bxh7+ Kh8 23. Qh5 1-0

[Event "Europa ch s-14"]
[Site "Herceg Novi MNT"]
[Date "2008.09.21"]
[Round "6.18"]
[White "Baboyan, Eduard"]
[Black "Stoyanov, Ivaylo"]
[Result "1-0"]
[WhiteElo "2125"]
[BlackElo "1978"]
[PlyCount "104"]
[EventDate "2008.09.15"]
[EventType "swiss"]
[EventRounds "9"]
[Source "lmi"]
[SourceDate "2008.09.15"]

1. d4 g6 2. c4 Bg7 3. Nc3 d6 4. e4 Nc6 5. Be3 e5 6. Nge2 exd4 7. Nxd4 Nge7 8.
Qd2 O-O 9. O-O-O Re8 10. f3 f5 11. exf5 Nxd4 12. Bxd4 Bxd4 13. Qxd4 Nxf5 14.
Qd2 Qf6 15. Nd5 Qf7 16. Qc3 Rf8 17. g4 Ng7 18. g5 Ne8 19. Bd3 c6 20. Ne3 Qf4
21. Be4 Qxg5 22. h4 Qf6 23. Qd3 Bf5 24. Bxf5 gxf5 25. Rhg1+ Kh8 26. Rg5 Ng7 27.
Qxd6 Rad8 28. Qxf6 Rxd1+ 29. Kxd1 Rxf6 30. Kd2 Kg8 31. Kd3 Kf7 32. b4 h6 33.
Rg1 b6 34. a4 a6 35. Kc3 Ne8 36. Rd1 Ke7 37. b5 axb5 38. axb5 f4 39. Ng4 Re6
40. bxc6 Rxc6 41. Kb4 Re6 42. Rd4 Nc7 43. Rxf4 b5 44. Rf5 bxc4 45. Kxc4 Ne8 46.
Kd4 Nd6 47. Re5 Nf7 48. Rxe6+ Kxe6 49. Ne3 Nd6 50. Ng2 Kf5 51. Ke3 Nf7 52. Nf4
Ne5 1-0

[Event "Europa ch s-14"]
[Site "Herceg Novi MNT"]
[Date "2008.09.21"]
[Round "6.19"]
[White "Straka, Josef Jr"]
[Black "Havas, Juraj"]
[Result "1-0"]
[WhiteElo "2122"]
[BlackElo "1926"]
[PlyCount "103"]
[EventDate "2008.09.15"]
[EventType "swiss"]
[EventRounds "9"]
[Source "lmi"]
[SourceDate "2008.09.15"]

1. e4 c5 2. Nf3 Nc6 3. d4 cxd4 4. Nxd4 Nf6 5. Nc3 e5 6. Ndb5 d6 7. Bg5 a6 8.
Na3 Be6 9. Nc4 Rc8 10. Bxf6 Qxf6 11. Nb6 Rb8 12. Ncd5 Qd8 13. c3 Be7 14. Bd3
O-O 15. O-O Bg5 16. Qa4 Ne7 17. Qb3 g6 18. Bc4 Kh8 19. Rad1 Nxd5 20. Bxd5 Bg4
21. Ra1 f5 22. exf5 gxf5 23. h3 Bh5 24. Be6 Be2 25. Nd7 Bxf1 26. Rxf1 f4 27.
Qd5 Be7 28. Qf3 Rf6 29. Nxf6 Bxf6 30. Rd1 Qe7 31. Bf5 Rd8 32. Be4 Rd7 33. Qd3
Rd8 34. Qd5 Rd7 35. c4 Bg7 36. c5 Bf8 37. c6 bxc6 38. Qxc6 Ra7 39. Rc1 Qf7 40.
Bd5 Qe7 41. Qc8 Kg7 42. b4 Rd7 43. f3 Ra7 44. a4 Qd7 45. Qxd7+ Rxd7 46. b5 axb5
47. axb5 Be7 48. b6 Bd8 49. b7 Bb6+ 50. Kf1 Ba7 51. Rc8 Kf6 52. Ra8 1-0

[Event "Europa ch s-14"]
[Site "Herceg Novi MNT"]
[Date "2008.09.21"]
[Round "6.23"]
[White "Makhmutov, Rail"]
[Black "Tilicheev, Viacheslav"]
[Result "0-1"]
[WhiteElo "1904"]
[BlackElo "2189"]
[PlyCount "56"]
[EventDate "2008.09.15"]
[EventType "swiss"]
[EventRounds "9"]
[Source "lmi"]
[SourceDate "2008.09.15"]

1. e4 e5 2. Nf3 Nc6 3. d4 exd4 4. Nxd4 Nf6 5. Nxc6 bxc6 6. e5 Qe7 7. Qe2 Nd5 8.
c4 Ba6 9. b3 g6 10. g3 Bg7 11. Bb2 O-O 12. Bg2 f6 13. O-O fxe5 14. Qd2 e4 15.
cxd5 Bxf1 16. Bxf1 e3 17. fxe3 Bxb2 18. Qxb2 Qxe3+ 19. Kg2 Qf3+ 20. Kh3 Qxf1+
21. Qg2 Qf5+ 22. g4 Qd3+ 23. Kh4 g5+ 24. Kxg5 Qg6+ 25. Kh4 Qf6+ 26. Kh3 Qxa1
27. dxc6 Qf6 28. cxd7 Qf3+ 0-1

[Event "Europa ch s-14"]
[Site "Herceg Novi MNT"]
[Date "2008.09.21"]
[Round "6.24"]
[White "Vasilov, Artur"]
[Black "Dicu, Razvan-Stefan"]
[Result "0-1"]
[WhiteElo "2187"]
[BlackElo "2023"]
[PlyCount "52"]
[EventDate "2008.09.15"]
[EventType "swiss"]
[EventRounds "9"]
[Source "lmi"]
[SourceDate "2008.09.15"]

1. d4 Nf6 2. c4 e6 3. Nc3 Bb4 4. e3 b6 5. Nge2 Ba6 6. a3 Bxc3+ 7. Nxc3 d5 8. b3
O-O 9. Be2 Nc6 10. a4 Re8 11. Ba3 e5 12. dxe5 Nxe5 13. Nxd5 Nxd5 14. cxd5 Bxe2
15. Kxe2 Qg5 16. Kf1 Ng4 17. Qd4 Qh4 18. Qf4 Re4 19. Qg3 Qf6 20. Ke2 Rae8 21.
Rhe1 h5 22. h4 Rf4 23. f3 Rxe3+ 24. Kf1 Rfxf3+ 25. Qxf3 Rxf3+ 26. Kg1 Qxh4 0-1

[Event "Europa ch s-14"]
[Site "Herceg Novi MNT"]
[Date "2008.09.21"]
[Round "6.25"]
[White "Tallo Dominguez, Imar"]
[Black "Rindlisbacher, Jan"]
[Result "0-1"]
[WhiteElo "2129"]
[BlackElo "1999"]
[PlyCount "54"]
[EventDate "2008.09.15"]
[EventType "swiss"]
[EventRounds "9"]
[Source "lmi"]
[SourceDate "2008.09.15"]

1. e4 e5 2. Nf3 Nc6 3. Bb5 a6 4. Ba4 Nf6 5. d3 b5 6. Bb3 Be7 7. O-O O-O 8. c3
d5 9. Bg5 dxe4 10. Bxf6 gxf6 11. dxe4 Na5 12. Bc2 Nc4 13. b3 Nd6 14. Nbd2 Kh8
15. Nh4 Rg8 16. Kh1 Qf8 17. Nf5 Bb7 18. Nxd6 Bxd6 19. Rg1 Qh6 20. Nf1 Qf4 21.
Qd2 Bc5 22. Ne3 Rad8 23. Qe2 Bxe4 24. Bxe4 Qxe4 25. Rad1 Rxd1 26. Rxd1 Rxg2 27.
Rd8+ Rg8+ 0-1

[Event "Europa ch s-14"]
[Site "Herceg Novi MNT"]
[Date "2008.09.21"]
[Round "6.30"]
[White "Lortkipanidze, Nodar"]
[Black "Havas, Janko"]
[Result "0-1"]
[WhiteElo "2080"]
[BlackElo "1930"]
[PlyCount "84"]
[EventDate "2008.09.15"]
[EventType "swiss"]
[EventRounds "9"]
[Source "lmi"]
[SourceDate "2008.09.15"]

1. d4 Nf6 2. Nc3 d5 3. Bg5 Nbd7 4. e3 g6 5. Nf3 Bg7 6. Bd3 O-O 7. O-O c6 8. Re1
Qb6 9. Rb1 h6 10. Bh4 Qc7 11. e4 dxe4 12. Nxe4 Nxe4 13. Bxe4 Nf6 14. Bd3 Bg4
15. h3 Bxf3 16. Qxf3 Rae8 17. c3 a5 18. Bc2 Ra8 19. a3 a4 20. Qe3 Nd5 21. Qd2
Nf6 22. Re2 Kh7 23. Rbe1 Rfe8 24. g4 b5 25. Bg3 Qd7 26. h4 h5 27. gxh5 Nxh5 28.
Qg5 Nxg3 29. Qxg3 Kg8 30. h5 gxh5 31. f3 e6 32. Kh1 Ra7 33. Bb1 Kf8 34. f4 Raa8
35. Rg2 Bf6 36. f5 Ke7 37. fxe6 fxe6 38. Ba2 Kd8 39. Qg6 Rf8 40. Rxe6 Be7 41.
Rxe7 Qh3+ 42. Rh2 Qf1+ 0-1

[Event "Europa ch s-14"]
[Site "Herceg Novi MNT"]
[Date "2008.09.21"]
[Round "6.35"]
[White "Beijerinck, Nick"]
[Black "Ochsner, Bjorn Moller"]
[Result "1-0"]
[WhiteElo "2106"]
[BlackElo "1963"]
[PlyCount "53"]
[EventDate "2008.09.15"]
[EventType "swiss"]
[EventRounds "9"]
[Source "lmi"]
[SourceDate "2008.09.15"]

1. e4 c5 2. Nf3 d6 3. d4 cxd4 4. Nxd4 Nf6 5. Nc3 a6 6. Bg5 e6 7. f4 Nc6 8. Nxc6
bxc6 9. e5 h6 10. Bh4 g5 11. fxg5 Nh7 12. exd6 hxg5 13. Qd4 Rg8 14. Bg3 f5 15.
Be2 Nf6 16. Be5 Bg7 17. O-O-O Kf7 18. Rhf1 Nd5 19. Bh5+ Kf8 20. Nxd5 cxd5 21.
d7 Bxe5 22. dxc8=Q Bxd4 23. Qxe6 Bxb2+ 24. Kb1 Ra7 25. Rxf5+ Kg7 26. Rdxd5 Qb8
27. Rxg5+ 1-0

[Event "Europa ch s-14"]
[Site "Herceg Novi MNT"]
[Date "2008.09.21"]
[Round "6.36"]
[White "Andersen, Mads"]
[Black "Golikov, Sergej"]
[Result "1-0"]
[WhiteElo "2092"]
[BlackElo "1962"]
[PlyCount "69"]
[EventDate "2008.09.15"]
[EventType "swiss"]
[EventRounds "9"]
[Source "lmi"]
[SourceDate "2008.09.15"]

1. d4 Nf6 2. c4 e6 3. Nc3 Bb4 4. e3 Ne4 5. Qc2 f5 6. Bd3 O-O 7. Nge2 Qg5 8. O-O
Bxc3 9. Nxc3 Nxc3 10. Qxc3 Qf6 11. b3 b6 12. Bb2 Bb7 13. f3 d6 14. e4 Nd7 15.
Qc2 g6 16. c5 dxc5 17. dxc5 e5 18. cxb6 Qxb6+ 19. Kh1 f4 20. Bc4+ Kg7 21. Rfd1
Rad8 22. Rd2 Qf6 23. Rad1 Nb6 24. Rxd8 Rxd8 25. Rxd8 Qxd8 26. Bxe5+ Kf8 27.
Bxf4 Nxc4 28. bxc4 Ba6 29. h3 Qd4 30. c5 c6 31. Bd6+ Kg7 32. Qb3 Qf2 33. Be5+
Kh6 34. Qf7 Bf1 35. Bf4+ 1-0

[Event "Europa ch s-14"]
[Site "Herceg Novi MNT"]
[Date "2008.09.21"]
[Round "6.37"]
[White "Siclovan, Cristian-Danut"]
[Black "Savoisky, Danny"]
[Result "0-1"]
[WhiteElo "1946"]
[BlackElo "2085"]
[PlyCount "52"]
[EventDate "2008.09.15"]
[EventType "swiss"]
[EventRounds "9"]
[Source "lmi"]
[SourceDate "2008.09.15"]

1. e4 c5 2. c3 Nf6 3. e5 Nd5 4. d4 cxd4 5. Nf3 Nc6 6. cxd4 d6 7. exd6 Qxd6 8.
Nc3 Bg4 9. Be2 g6 10. Be3 Bg7 11. Qb3 Be6 12. Bc4 Nxe3 13. fxe3 Bxc4 14. Qxc4
Bh6 15. d5 Qb4 16. Qe2 Na5 17. a3 Qc5 18. Nd4 Nc4 19. b4 Qc8 20. Nd1 Nxe3 21.
d6 O-O 22. dxe7 Re8 23. Nxe3 Qc3+ 24. Kf2 Qxd4 25. Rhd1 Qh4+ 26. Kf1 Qxe7 0-1

[Event "Europa ch s-14"]
[Site "Herceg Novi MNT"]
[Date "2008.09.22"]
[Round "7.1"]
[White "Bajarani, Ulvi"]
[Black "Bukavshin, Ivan"]
[Result "0-1"]
[WhiteElo "2202"]
[BlackElo "2350"]
[PlyCount "100"]
[EventDate "2008.09.15"]
[EventType "swiss"]
[EventRounds "9"]
[Source "lmi"]
[SourceDate "2008.09.15"]

1. Nf3 Nf6 2. c4 e6 3. g3 d5 4. Bg2 dxc4 5. Qa4+ c6 6. Qxc4 b5 7. Qc2 Bb7 8.
O-O Nbd7 9. d3 a6 10. a4 Rc8 11. Nc3 Be7 12. Be3 O-O 13. Rfc1 Ng4 14. Qd2 h6
15. Ne4 Nxe3 16. Qxe3 c5 17. Nfd2 Qb6 18. Rc2 Kh8 19. h4 Rc7 20. Rac1 Rfc8 21.
b3 Kg8 22. Nc3 Bxg2 23. Kxg2 Bf6 24. f4 Bd4 25. Qf3 Nf6 26. Nde4 Bxc3 27. Nxc3
c4 28. bxc4 bxc4 29. Ne4 Nd5 30. Qf2 Qb4 31. Qd4 cxd3 32. Qxb4 Rxc2 33. Qd2
Rxc1 34. Qxd3 R8c6 35. Qb3 Rb6 36. Qa3 Rc4 37. a5 Rbc6 38. Nf2 Rc2 39. Qa4 Ne3+
40. Kf3 Nf5 41. Qb4 R6c4 42. Qb8+ Kh7 43. Qb7 Nd4+ 44. Ke3 Rxe2+ 45. Kd3 Rec2
46. Ne4 Rc7 47. Qxa6 Nb3 48. Qb6 Nc1+ 49. Ke3 f5 50. Nd6 R7c3+ 0-1

[Event "Europa ch s-14"]
[Site "Herceg Novi MNT"]
[Date "2008.09.22"]
[Round "7.2"]
[White "Fedoseev, Vladimir"]
[Black "Kovalev, Vladislav"]
[Result "0-1"]
[WhiteElo "2321"]
[BlackElo "2315"]
[PlyCount "120"]
[EventDate "2008.09.15"]
[EventType "swiss"]
[EventRounds "9"]
[Source "lmi"]
[SourceDate "2008.09.15"]

1. e4 e5 2. Nf3 Nc6 3. Bb5 a6 4. Ba4 Nf6 5. O-O Be7 6. Re1 b5 7. Bb3 d6 8. c3
O-O 9. d4 Bg4 10. d5 Na5 11. Bc2 c6 12. h3 Bc8 13. dxc6 Qc7 14. Nbd2 Qxc6 15.
Nf1 Be6 16. Ng3 h6 17. Nh4 Rfe8 18. Nhf5 Bf8 19. Qf3 Nh7 20. b3 Rad8 21. Bd2
Nb7 22. Nh5 Bxf5 23. Qxf5 Nc5 24. b4 Ne6 25. Bb3 g6 26. Qg4 Kh8 27. Ng3 Bg7 28.
Qf3 Nhg5 29. Bxg5 Nxg5 30. Qd3 Ne6 31. Ne2 f5 32. Bd5 Qc8 33. exf5 gxf5 34.
Qxf5 Nf4 35. Qxc8 Rxc8 36. Rad1 Nxe2+ 37. Rxe2 Rxc3 38. Bb7 Rb8 39. Bd5 Rbc8
40. Be6 R8c6 41. Kh2 Bf8 42. Re4 Rc1 43. Rxc1 Rxc1 44. Rg4 Bg7 45. Rg6 e4 46.
g4 Rc2 47. Kg3 Be5+ 48. f4 Rc3+ 49. Kg2 Bxf4 50. Rg8+ Kh7 51. Ra8 Kg7 52. Bf5
d5 53. Rxa6 Rc2+ 54. Kf1 Rd2 55. Re6 e3 56. h4 d4 57. Re4 Rf2+ 58. Kg1 d3 59.
Rxf4 d2 60. Rd4 e2 0-1

[Event "Europa ch s-14"]
[Site "Herceg Novi MNT"]
[Date "2008.09.22"]
[Round "7.3"]
[White "Grigoryan, Karen H"]
[Black "Lagarde, Maxime"]
[Result "1-0"]
[WhiteElo "2097"]
[BlackElo "2322"]
[PlyCount "52"]
[EventDate "2008.09.15"]
[EventType "swiss"]
[EventRounds "9"]
[Source "lmi"]
[SourceDate "2008.09.15"]

1. d4 Nf6 2. c4 g6 3. Nc3 d5 4. Nf3 Bg7 5. Bf4 O-O 6. Rc1 dxc4 7. e3 c5 8. Bxc4
cxd4 9. Nxd4 a6 10. O-O Ng4 11. Bg5 h6 12. Bh4 g5 13. Bg3 Ne5 14. Bb3 Nbc6 15.
Nxc6 bxc6 16. Qc2 Qd3 17. Na4 Bf5 18. Qc5 Qb5 19. Bxe5 Bxe5 20. Qxe7 Qb8 21. g3
Qd6 22. Qxd6 Bxd6 23. Rxc6 Rad8 24. Rfc1 Bb4 25. Rxa6 Rd7 26. Rxh6 Rfd8 1-0

[Event "Europa ch s-14"]
[Site "Herceg Novi MNT"]
[Date "2008.09.22"]
[Round "7.4"]
[White "Sochacki, Christophe"]
[Black "Galopoulos, Panagiotis"]
[Result "1-0"]
[WhiteElo "2221"]
[BlackElo "2200"]
[PlyCount "47"]
[EventDate "2008.09.15"]
[EventType "swiss"]
[EventRounds "9"]
[Source "lmi"]
[SourceDate "2008.09.15"]

1. Nf3 Nf6 2. g3 d5 3. Bg2 Bf5 4. c4 c6 5. cxd5 cxd5 6. Qb3 Qc8 7. Nc3 e6 8. d3
Nc6 9. O-O Be7 10. Bf4 O-O 11. Rac1 Nd7 12. Nb5 Nc5 13. Qc3 Qd7 14. Nbd4 Nxd4
15. Qxd4 Rfc8 16. b4 Na4 17. e4 Bg6 18. Ne5 Qb5 19. exd5 Bf6 20. dxe6 Rd8 21.
Qc4 Qxc4 22. dxc4 Bxe5 23. Bxe5 f6 24. Bc7 1-0

[Event "Europa ch s-14"]
[Site "Herceg Novi MNT"]
[Date "2008.09.22"]
[Round "7.5"]
[White "Grib, Roman"]
[Black "Mokhov, Vladimir"]
[Result "0-1"]
[WhiteElo "2033"]
[BlackElo "2201"]
[PlyCount "122"]
[EventDate "2008.09.15"]
[EventType "swiss"]
[EventRounds "9"]
[Source "lmi"]
[SourceDate "2008.09.15"]

1. e4 d5 2. exd5 Qxd5 3. d4 Nf6 4. Nf3 Bg4 5. Be2 e6 6. O-O c6 7. h3 Bf5 8. Bf4
Nbd7 9. Bc7 c5 10. Nc3 Qc6 11. Bf4 a6 12. Ne5 Nxe5 13. dxe5 Nd7 14. Bf3 Qc7 15.
Qe2 Be7 16. Rad1 O-O-O 17. Bg3 Nb8 18. Ne4 Bxe4 19. Qxe4 h6 20. c3 Nc6 21. Rfe1
g6 22. Qa4 Rxd1 23. Rxd1 Rd8 24. Re1 Nb8 25. Qe4 Nc6 26. Qa4 Rd7 27. Kh2 h5 28.
Kg1 Nb8 29. Qf4 Bd8 30. b4 Qb6 31. bxc5 Qxc5 32. Rb1 Nc6 33. Qa4 Qxc3 34. Qf4
g5 35. Qe4 h4 36. Bh2 Qd3 37. Qe1 Nd4 38. Bh5 Ba5 39. Rc1+ Rc7 40. Rxc7+ Bxc7
41. Bxf7 Kd7 42. Bh5 Ba5 43. Qd1 Qxd1+ 44. Bxd1 Bd2 45. g3 Kc6 46. Kg2 Kd5 47.
gxh4 gxh4 48. f3 Be3 49. Kf1 b5 50. Ke1 a5 51. Kf1 a4 52. Ke1 a3 53. f4 b4 54.
f5 b3 55. Bxb3+ Nxb3 56. fxe6 Kxe6 57. Ke2 Bg5 58. Kd3 Nc1+ 59. Kc2 Nxa2 60.
Kb3 Nc1+ 61. Kxa3 Ne2 0-1

[Event "Europa ch s-14"]
[Site "Herceg Novi MNT"]
[Date "2008.09.22"]
[Round "7.7"]
[White "Dragun, Kamil"]
[Black "Hager, Joshua Aarash"]
[Result "1-0"]
[WhiteElo "2240"]
[BlackElo "2128"]
[PlyCount "51"]
[EventDate "2008.09.15"]
[EventType "swiss"]
[EventRounds "9"]
[Source "lmi"]
[SourceDate "2008.09.15"]

1. e4 e6 2. d4 d5 3. Nc3 Nc6 4. e5 f6 5. Nf3 Bd7 6. Bf4 Nh6 7. exf6 gxf6 8. Qe2
Kf7 9. O-O-O Nf5 10. g4 Bd6 11. Be3 Nxe3 12. fxe3 Kg7 13. Rg1 Rg8 14. e4 Bf4+
15. Kb1 Be8 16. h4 Bg6 17. g5 Kh8 18. Bh3 fxg5 19. Nxg5 Bxg5 20. Rxg5 dxe4 21.
Bxe6 Re8 22. d5 Qf6 23. Rf1 Qe7 24. Qe3 Rf8 25. Re1 Nd8 26. Rxg6 1-0

[Event "Europa ch s-14"]
[Site "Herceg Novi MNT"]
[Date "2008.09.22"]
[Round "7.8"]
[White "Baboyan, Eduard"]
[Black "Kezin, Roman"]
[Result "1-0"]
[WhiteElo "2125"]
[BlackElo "2235"]
[PlyCount "61"]
[EventDate "2008.09.15"]
[EventType "swiss"]
[EventRounds "9"]
[Source "lmi"]
[SourceDate "2008.09.15"]

1. d4 d5 2. Nf3 Nf6 3. c4 e6 4. Nc3 c6 5. Bg5 h6 6. Bxf6 Qxf6 7. Qc2 dxc4 8. a4
Bb4 9. e3 O-O 10. Bxc4 Nd7 11. O-O e5 12. d5 Nb6 13. Ne4 Qe7 14. dxc6 bxc6 15.
Nfd2 Nxc4 16. Nxc4 Bf5 17. Rac1 Rfd8 18. f3 a5 19. Nb6 Ra6 20. Nc4 Raa8 21. Rf2
Rab8 22. Re2 Kh8 23. Rf1 Rb7 24. g4 Bg6 25. f4 exf4 26. exf4 Qh4 27. Rg2 Re7
28. Ncd2 h5 29. Nf3 Qh3 30. Neg5 Qxg2+ 31. Qxg2 1-0

[Event "Europa ch s-14"]
[Site "Herceg Novi MNT"]
[Date "2008.09.22"]
[Round "7.9"]
[White "Straka, Josef Jr"]
[Black "Moiseenko, Vadim"]
[Result "1/2-1/2"]
[WhiteElo "2122"]
[BlackElo "2225"]
[PlyCount "86"]
[EventDate "2008.09.15"]
[EventType "swiss"]
[EventRounds "9"]
[Source "lmi"]
[SourceDate "2008.09.15"]

1. d4 d5 2. c4 c6 3. Nf3 Nf6 4. e3 a6 5. b3 b5 6. Bd3 Bg4 7. O-O Nbd7 8. Ba3 e6
9. Bxf8 Nxf8 10. Nbd2 N8d7 11. Qc2 Bf5 12. Rac1 Bg6 13. cxd5 Bxd3 14. Qxd3 Nxd5
15. Ne4 O-O 16. Nc5 Nxc5 17. Rxc5 Rc8 18. Rfc1 f6 19. a3 Qd7 20. Qc2 Ne7 21. b4
Rc7 22. Nd2 Rfc8 23. Nb3 Nd5 24. Na5 Nb6 25. Qe4 Nd5 26. h3 Qd6 27. R5c2 f5 28.
Qf3 Kh8 29. Rc5 Ne7 30. g3 h6 31. R1c2 Nd5 32. h4 Ne7 33. Nb3 Nd5 34. Na5 Ne7
35. Kh2 Nd5 36. Kg2 Kg8 37. h5 Kh8 38. Rc1 Kg8 39. R1c2 Kh8 40. Kh2 Kg8 41. Kh1
Kh8 42. Kg2 Kg8 43. Kg1 Kh8 1/2-1/2

[Event "Europa ch s-14"]
[Site "Herceg Novi MNT"]
[Date "2008.09.22"]
[Round "7.10"]
[White "Seegert, Kristian"]
[Black "Pardo Simon, David"]
[Result "1-0"]
[WhiteElo "2024"]
[BlackElo "2204"]
[PlyCount "71"]
[EventDate "2008.09.15"]
[EventType "swiss"]
[EventRounds "9"]
[Source "lmi"]
[SourceDate "2008.09.15"]

1. e4 c5 2. Nf3 Nc6 3. d4 cxd4 4. Nxd4 d5 5. Bb5 dxe4 6. Nxc6 Qxd1+ 7. Kxd1 a6
8. Ba4 Bd7 9. Nc3 Bxc6 10. Bxc6+ bxc6 11. Nxe4 e5 12. Ke2 f5 13. Nd2 g6 14. b3
Bg7 15. Bb2 Nh6 16. Nc4 O-O 17. Rad1 Nf7 18. Rd7 Rfe8 19. Rhd1 Bf8 20. Rc7 Rac8
21. Ra7 Ra8 22. Rdd7 Rxa7 23. Rxa7 c5 24. Rxa6 e4 25. a4 f4 26. Bf6 g5 27. a5
g4 28. g3 Bh6 29. Nd6 Nxd6 30. Rxd6 e3 31. Rd8 f3+ 32. Ke1 Rxd8 33. Bxd8 e2 34.
a6 c4 35. Ba5 c3 36. Bxc3 1-0